[Event "Muensterland Verbandsliga 1415"]
[Site "Germany"]
[Date "2014.09.06"]
[Round "1.7"]
[White "Schlagheck, Thomas"]
[Black "Altgelt, Max"]
[Result "0-1"]
[WhiteElo "1683"]
[BlackElo "1641"]
[PlyCount "96"]
[EventDate "2014.09.06"]
[EventType "team-tourn"]
[EventRounds "9"]
[EventCountry "GER"]
[SourceTitle "EXT 2016"]
[Source "ChessBase"]
[SourceDate "2015.10.08"]
[SourceVersion "1"]
[SourceVersionDate "2015.10.08"]
[SourceQuality "1"]
[WhiteTeam "Muenster IV"]
[BlackTeam "Muenster V"]
[WhiteTeamCountry "GER"]
[BlackTeamCountry "GER"]

1. e4 c5 2. Nf3 d6 3. d4 cxd4 4. Nxd4 Nf6 5. Nc3 g6 6. Be3 Bg7 7. Bc4 0-0 8. 0-0 Nc6 9. a3 a5 10. Bd5 Bd7 11. Qd2 Ne5 12. f4 Nxd5 13. fxe5 Nxe3 14. Qxe3 Bxe5 15. Nf3 Bg7 16. Rab1 Rc8 17. e5 dxe5 18. Nxe5 Bf5 19. Nf3 Bxc2 20. Rbc1 Bb3 21. Rfe1 e6 22. Kh1 Rc6 23. h3 Rd6 24. Kh2 a4 25. Qe4 Qd7 26. Ne5 Bxe5+ 27. Qxe5 f6 28. Qg3 e5 29. Ne4 Rc6 30. Nc5 Qd5 31. Nxb3 Qxb3 32. Qxb3+ axb3 33. Rxc6 bxc6 34. Rc1 Rd8 35. Rc3 e4 36. Rxb3 f5 37. Kg1 Kf7 38. Kf2 f4 39. Rb4 e3+ 40. Kf3 g5 41. h4 h6 42. hxg5 hxg5 43. g3 Re8 44. Ke2 f3+ 45. Kd1 Kf6 46. Rb3 Kf5 47. a4 Kg4 48. a5 Kxg3 0-1

[Event "Muensterland Verbandsklasse 1314"]
[Site "Germany"]
[Date "2014.05.10"]
[Round "9.8"]
[White "Sholeh, Othman"]
[Black "Schlagheck, Thomas"]
[Result "1/2-1/2"]
[WhiteElo "1370"]
[BlackElo "1688"]
[PlyCount "84"]
[EventDate "2013.09.21"]
[EventType "team-tourn"]
[EventRounds "9"]
[EventCountry "GER"]
[SourceTitle "EXT 2015"]
[Source "ChessBase"]
[SourceDate "2014.11.20"]
[SourceVersion "1"]
[SourceVersionDate "2014.11.20"]
[SourceQuality "1"]
[WhiteTeam "Stadtlohn"]
[BlackTeam "Muenster SK IV"]
[WhiteTeamCountry "GER"]
[BlackTeamCountry "GER"]

1. d4 d5 2. Nf3 Bf5 3. e3 Nf6 4. c4 e6 5. a3 Be7 6. Nc3 0-0 7. cxd5 Nxd5 8. Be2 Nc6 9. 0-0 a6 10. Re1 Nf6 11. Bd3 Bxd3 12. Qxd3 e5 13. Bd2 exd4 14. exd4 Qd7 15. Rad1 Bd6 16. Bg5 Nh5 17. d5 Ne7 18. Ne4 Ng6 19. b4 Rae8 20. Nxd6 Qxd6 21. Qd4 Ngf4 22. Kf1 Rxe1+ 23. Nxe1 h6 24. Bxf4 Qxf4 25. Qxf4 Nxf4 26. Rd4 Ng6 27. Nd3 b6 28. d6 cxd6 29. Rxd6 Rb8 30. f4 Rb7 31. Kf2 f6 32. g4 Kf7 33. f5 Nf8 34. Nf4 Ke7 35. Rd5 Rc7 36. Rd2 Rc6 37. h4 Kf7 38. Re2 Rc3 39. Re3 Rc2+ 40. Kf3 Nd7 41. h5 Ne5+ 42. Kg3 Rc4 1/2-1/2

[Event "Muensterland Verbandsklasse-A 0708"]
[Site "Germany"]
[Date "2007.10.20"]
[Round "2.7"]
[White "Hartmann, Viktor"]
[Black "Schlagheck, Thomas"]
[Result "1/2-1/2"]
[WhiteElo "1786"]
[BlackElo "1702"]
[PlyCount "53"]
[EventDate "2007.09.22"]
[EventType "team"]
[EventRounds "9"]
[EventCountry "GER"]
[SourceTitle "EXT 2009"]
[Source "ChessBase"]
[SourceDate "2008.11.26"]
[SourceVersion "1"]
[SourceVersionDate "2008.11.26"]
[SourceQuality "1"]
[WhiteTeam "Ibbenbueren"]
[BlackTeam "Muenster SK IV"]
[WhiteTeamCountry "GER"]
[BlackTeamCountry "GER"]

1. d4 d5 2. c4 c6 3. Bf4 Nf6 4. Nc3 Bf5 5. c5 b5 6. b4 a5 7. a3 g6 8. h3 Bg7 9. Nf3 Ne4 10. Nxe4 Bxe4 11. Ng5 0-0 12. Nxe4 dxe4 13. e3 Nd7 14. Be2 e5 15. dxe5 Nxe5 16. 0-0 axb4 17. Qxd8 Rfxd8 18. Kh1 Rd2 19. axb4 Rxa1 20. Rxa1 h5 21. Bf1 Rb2 22. Ra6 Rxb4 23. Bxe5 Bxe5 24. Rxc6 Rb1 25. Kg1 Rc1 26. Rb6 Rxc5 27. Rxb5 1/2-1/2

[Event "Muensterland Verbandsklasse-A 0607"]
[Site "Germany"]
[Date "2006.12.09"]
[Round "4.5"]
[White "Schlagheck, Thomas"]
[Black "Moeller, Christian"]
[Result "1/2-1/2"]
[WhiteElo "1723"]
[BlackElo "1782"]
[PlyCount "36"]
[EventDate "2006.09.23"]
[EventType "team"]
[EventRounds "9"]
[EventCountry "GER"]
[SourceTitle "EXT 2008"]
[Source "ChessBase"]
[SourceDate "2007.11.25"]
[SourceVersion "1"]
[SourceVersionDate "2007.11.25"]
[SourceQuality "1"]
[WhiteTeam "Muenster SK IV"]
[BlackTeam "Ibbenbueren"]
[WhiteTeamCountry "GER"]
[BlackTeamCountry "GER"]

1. c4 Nf6 2. Nc3 g6 3. g3 Bg7 4. Bg2 c6 5. d4 0-0 6. e3 Na6 7. Nge2 Nc7 8. 0-0 d6 9. b3 Re8 10. Bb2 Bd7 11. Rc1 h5 12. h4 Bg4 13. Qc2 d5 14. Nf4 Ne6 15. Nce2 Bf5 16. Qd1 dxc4 17. bxc4 Qb6 18. Qb3 Qxb3 1/2-1/2

[Event "Muensterland Verbandsklasse-A 0607"]
[Site "Germany"]
[Date "2006.11.18"]
[Round "3.5"]
[White "Bergemann, Martin"]
[Black "Schlagheck, Thomas"]
[Result "1-0"]
[WhiteElo "1900"]
[BlackElo "1723"]
[PlyCount "55"]
[EventDate "2006.09.23"]
[EventType "team"]
[EventRounds "9"]
[EventCountry "GER"]
[SourceTitle "EXT 2008"]
[Source "ChessBase"]
[SourceDate "2007.11.25"]
[SourceVersion "1"]
[SourceVersionDate "2007.11.25"]
[SourceQuality "1"]
[WhiteTeam "Raesfeld Erle"]
[BlackTeam "Muenster SK IV"]
[WhiteTeamCountry "GER"]
[BlackTeamCountry "GER"]

1. d4 c5 2. dxc5 Qa5+ 3. Nd2 Qxc5 4. Ngf3 d5 5. Nb3 Qd6 6. g3 e5 7. Bg2 Be6 8. 0-0 Nf6 9. Ng5 Be7 10. Nxe6 fxe6 11. Nd2 Nc6 12. Nf3 0-0 13. c3 Rad8 14. Qb3 b6 15. Bh3 h6 16. Rd1 Ne4 17. Bd2 g5 18. Be1 Nf6 19. Bg2 Qc7 20. Rac1 e4 21. Nd4 Nxd4 22. cxd4 Qd7 23. f3 exf3 24. exf3 Rc8 25. Qe3 Rxc1 26. Rxc1 Rc8 27. Bh3 Kf7 28. Bxe6+ 1-0

[Event "Muensterland Verbandsklasse-B 0405"]
[Site "Muensterland"]
[Date "2005.04.23"]
[Round "9.7"]
[White "Weskamp, Matthias"]
[Black "Schlagheck, Thomas"]
[Result "1-0"]
[WhiteElo "1679"]
[BlackElo "1763"]
[PlyCount "67"]
[EventDate "2004.09.11"]
[EventType "team"]
[EventRounds "9"]
[EventCountry "GER"]
[SourceTitle "EXT 2006"]
[Source "ChessBase"]
[SourceDate "2005.11.24"]
[SourceVersion "1"]
[SourceVersionDate "2005.11.24"]
[SourceQuality "1"]
[WhiteTeam "Westbevern II"]
[BlackTeam "Muenster IV"]
[WhiteTeamCountry "GER"]
[BlackTeamCountry "GER"]

1. e4 c5 2. Nc3 Nc6 3. g3 b6 4. Bg2 Bb7 5. d3 e6 6. f4 Nge7 7. Nf3 f5 8. e5 Nd4 9. Be3 Nxf3+ 10. Bxf3 Bxf3 11. Qxf3 Nc6 12. 0-0-0 Nd4 13. Qg2 a6 14. Ne2 Nxe2+ 15. Qxe2 Qc7 16. d4 c4 17. c3 b5 18. g4 b4 19. Bd2 a5 20. gxf5 exf5 21. Qg2 Rb8 22. d5 bxc3 23. Bxc3 a4 24. d6 Qc5 25. Rd5 Qe3+ 26. Qd2 Qf3 27. Re1 Kf7 28. Qd4 Re8 29. Qxc4 Kg6 30. Rd3 Qf2 31. Rg3+ Kh6 32. Reg1 g6 33. Qf7 Qxh2 34. Rxg6+ 1-0

[Event "Muensterland Verbandsklasse-A 0304"]
[Site "Germany"]
[Date "2003.11.15"]
[Round "3.8"]
[White "Schlagheck, Thomas"]
[Black "Hedwig, Johannes"]
[Result "1/2-1/2"]
[WhiteElo "1771"]
[BlackElo "1561"]
[PlyCount "82"]
[EventDate "2003.09.20"]
[EventType "team"]
[EventRounds "9"]
[EventCountry "GER"]
[SourceTitle "EXT 2005"]
[Source "ChessBase"]
[SourceDate "2004.11.15"]
[SourceVersion "1"]
[SourceVersionDate "2004.11.15"]
[SourceQuality "1"]
[WhiteTeam "Muenster V"]
[BlackTeam "Emsdetten Rochade"]
[WhiteTeamCountry "GER"]
[BlackTeamCountry "GER"]

1. c4 e5 2. Nc3 Nc6 3. e3 g6 4. Nge2 Bg7 5. d4 exd4 6. Nxd4 Nge7 7. Be2 d6 8. 0-0 0-0 9. a3 a5 10. Qd2 Bd7 11. b3 Nf5 12. Nxc6 Bxc6 13. f3 Re8 14. e4 Nd4 15. Bd1 f5 16. exf5 Nxf5 17. g3 Ne3 18. Re1 Nxd1 19. Rxd1 Bxf3 20. Rf1 Bc6 21. Bb2 Qd7 22. Nd5 Bxb2 23. Qxb2 Bxd5 24. cxd5 Rf8 25. Qc3 b6 26. Rac1 Rxf1+ 27. Rxf1 Qg7 28. Qe3 Rf8 29. Qe6+ Kh8 30. Rxf8+ Qxf8 31. Kg2 Kg7 32. b4 Qf7 33. Qe4 axb4 34. axb4 Qf6 35. Qc4 Qe7 36. Qd4+ Qf6 37. Qc4 Qf7 38. Qd4+ Kf8 39. Qc4 Qe7 40. Qf4+ Ke8 41. Qc4 Kd8 1/2-1/2

[Event "Muensterland Verbandsklasse-A 0203"]
[Site "Muensterland"]
[Date "2003.05.03"]
[Round "9.6"]
[White "Schlagheck, Thomas"]
[Black "Poggemann, Klaus"]
[Result "1/2-1/2"]
[WhiteElo "1771"]
[BlackElo "1765"]
[PlyCount "47"]
[EventDate "2002.09.28"]
[EventType "team"]
[EventRounds "9"]
[EventCountry "GER"]
[SourceTitle "EXT 2004"]
[Source "ChessBase"]
[SourceDate "2003.11.25"]
[SourceVersion "1"]
[SourceVersionDate "2003.11.25"]
[SourceQuality "1"]
[WhiteTeam "Muenster SK V"]
[BlackTeam "Emsdetten Rochade"]
[WhiteTeamCountry "GER"]
[BlackTeamCountry "GER"]

1. e4 c5 2. Nf3 Nc6 3. d4 cxd4 4. Nxd4 Nf6 5. Nc3 e5 6. Nf3 Bb4 7. Bd3 d5 8. exd5 Nxd5 9. Bd2 Nxc3 10. bxc3 Ba5 11. 0-0 0-0 12. Qe2 Qe7 13. Be4 g6 14. Bxc6 bxc6 15. Nd4 c5 16. Qc4 Kh8 17. Nc6 Be6 18. Qb5 Bd7 19. Qxa5 Bxc6 20. Be3 Qe6 21. Qxc5 Bxg2 22. Kxg2 Qg4+ 23. Kh1 Qf3+ 24. Kg1 1/2-1/2

[Event "Muensterland Verbandsklasse-A 0203"]
[Site "Muensterland"]
[Date "2002.12.14"]
[Round "4.6"]
[White "Specht, Bernfried"]
[Black "Schlagheck, Thomas"]
[Result "0-1"]
[WhiteElo "1790"]
[BlackElo "1771"]
[PlyCount "58"]
[EventDate "2002.09.28"]
[EventType "team"]
[EventRounds "9"]
[EventCountry "GER"]
[SourceTitle "EXT 2004"]
[Source "ChessBase"]
[SourceDate "2003.11.25"]
[SourceVersion "1"]
[SourceVersionDate "2003.11.25"]
[SourceQuality "1"]
[WhiteTeam "Sendenhorst"]
[BlackTeam "Muenster SK V"]
[WhiteTeamCountry "GER"]
[BlackTeamCountry "GER"]

1. e4 c5 2. Nf3 Nc6 3. d4 cxd4 4. Nxd4 g6 5. Nc3 Bg7 6. Be3 a6 7. a4 e6 8. f4 Nge7 9. Qd2 d5 10. e5 Nxd4 11. Bxd4 Bd7 12. a5 Nf5 13. Bb6 Qe7 14. Bd3 Rc8 15. 0-0 Qb4 16. Ra3 Qe7 17. Qe1 0-0 18. g4 Nh6 19. g5 Nf5 20. Bxf5 exf5 21. Qh4 h5 22. Nxd5 Qe6 23. Nf6+ Bxf6 24. gxf6 Rxc2 25. Rg3 Kh7 26. Rg5 Rg8 27. Rd1 Qc6 28. Be3 Rxb2 29. Bd2 Qf3 0-1